25 years ; (Record no. 7740)

MARC details
000 -LEADER
fixed length control field 00329nam a22001097a 4500
008 - FIXED-LENGTH DATA ELEMENTS--GENERAL INFORMATION
fixed length control field 190314b ||||| |||| 00| 0 eng d
082 ## - DEWEY DECIMAL CLASSIFICATION NUMBER
Classification number 336.5498 T97t 2018
245 ## - TITLE STATEMENT
Title 25 years ;
Remainder of title Royal Securities exchange of Bhutan.
260 ## - PUBLICATION, DISTRIBUTION, ETC.
Place of publication, distribution, etc. Thimphu ;
Name of publisher, distributor, etc. Royal Securities Exchange of Bhutan,
Date of publication, distribution, etc. 2018.
300 ## - PHYSICAL DESCRIPTION
Extent 187 p.
Dimensions 26 cm.
942 ## - Added entry Elements (Koha)
Source of classification or shelving scheme Dewey Decimal Classification
Holdings
Withdrawn status Lost status Source of classification or shelving scheme Damaged status Not for loan Collection code Home library Current library Shelving location Date acquired Serial Enumeration / chronology Total Checkouts Full call number Barcode Date last seen Date last checked out Price effective from Koha item type
    Dewey Decimal Classification     Main TEST RTC Library RTC Library Main opac 14/03/2019 13552 1 336.5498 YEA 30013416 01/04/2019 21/03/2019 14/03/2019 Main
    Dewey Decimal Classification     Main TEST RTC Library RTC Library Main opac 14/03/2019 13553 1 336.5498 YEA 30013322 02/04/2019 28/03/2019 14/03/2019 Main
    Dewey Decimal Classification     Main TEST RTC Library RTC Library Main opac 14/03/2019 13554   336.5498 YEA 30013742 14/03/2019   14/03/2019 Main
    Dewey Decimal Classification     Main TEST RTC Library RTC Library Main opac 02/07/2021 16058   336.5498 YEA 30015062 02/07/2021   02/07/2021 Main
Royal Thimphu College || All Right Reserved